00773nam a22001097a 4500040000800000082002700008100001800035245047100053260002600524300002600550856008700576 cRUA aAVM NGE 2012 B102 Or.1 aNGET, CHANNA. aEffectiveness of pytantel and albendazole on parasite toxocara vitulorum in cattle and buffoloe calve in bateay and cheun prey district at kompong cham province, ប្រសិទ្ធភាពpytantel និង albendazole លើវត្តបរាសិត TOXOCARA VITULORUM នៅលើកូនគោ កូណក្របីក្នុងស្រិកបាធាយ និង ស្រុកជើងព្រៃ ខេត្ដកំពង់ចាម aPhnom PenhbRUAc2012 axi; 65p.bill.c29cm. uhttps://drive.google.com/file/d/1chg7Ew9p7dqVTmB72KX-KxAAkyUn51T3/view?usp=sharing